01263cam a22003375a 450000100090000000300090000900500170001800800410003502000180007604000480009408200170014210000420015924501110020124600420031225000190035426400460037326400100041930000440042933600260047333700280049933800270052750400520055465000580060665100100066465300400067465500170071470000270073194200120075899900170077095201380078716676763EG-ScBUE20221101095026.0110303t2012 njua f b 001 0 eng d a9780470641910 aDLCbengerdacDLCdDLCdEG-ScBUEdEG-ScBUE04a721bALL2221 aAllen, Edward,d1938-eauthor.91701914aThe architect's studio companion :brules of thumb for preliminary design /cEdward Allen and Joseph Iano.30aRules of thumb for preliminary design aFifth edition. 1aHoboken, NJ :bJohn Wiley & Sons,c[2012] 4cc2012 aix, 486 pages :billustrations ;c29 cm 2rdacontentatextbtxt 2rdamediaaunmediatedbn 2rdacarrieravolumebnc aIncludes bibliographical references and index.  7aArchitectural designvHandbooks, manuals, etc.2BUEsh 2BUEsh bENGARCcSeptember2015cNovember2015 vReading book1 aIano, Joseph,eauthor. 2ddccBB c20830d20802 00102ddc40708BaccahaMAINbMAINc2NDd2015-09-01ePurchaseg540.00h23317l0o721 ALLp000039547r2025-07-15 00:00:00v674.00yBB